000 02153cam a22005414i 4500
003 PE-LiUPU
005 20250731180111.0
008 170727s2016 sp a rb 000 0 spa d
020 _a8490772681
020 _a9788490772683
035 _a(Sirsi) a238042
040 _aPE-LiUPU
_bspa
_cPE-LiUPU
_erda
049 _aPRUA
082 0 4 _a543.02
_bP46
_220
100 1 _aPérez Almiñana, Víctor Daniel,
_eautor.
245 1 0 _aProcedimientos de muestreo y preparación de la muestra /
_cVíctor Daniel Pérez Almiñana.
264 1 _aMadrid :
_bSíntesis,
_c2016.
300 _a349 páginas :
_bilustraciones ;
_c27 centímetros
336 _atext
_2rdacontent
337 _aunmediated
_2rdamedia
338 _avolume
_2rdacarrier
504 _aBibliografía : páginas 347-349.
505 0 _aEl laboratorio químico -- Equipos e instalaciones de laboratorio I -- Equipos e instalaciones de laboratorio II -- El problema analítico -- El plan de muestreo -- Disgregación, tamizado, mezcla y disolución -- Sedimentación, centrifugación y filtración -- Evaporación, secado, cristalización y destilación -- Adsorción, absorción, extracción y cromatografía.
526 _aSEG44
526 _aSEG26
526 _aP159
526 _aP155
526 _aP154
526 _aP153
526 _aP150
526 _aP100
526 _aP31
526 _aP30
526 _aP26
526 _aP25
526 _aP24
526 _aP22
526 _aP15
526 _aP10
650 0 4 _aQuímica analítica.
650 0 4 _aLaboratorios de química.
910 _ajck
_bncf
_cncf
_d20170727
942 _2ddc
_cBOOK
949 _a543.02 P46
_wDEWEY
_c1
_i76610
_lCCODEBUL1
_mBUL
_p41.91
_r0
_sY
_tBOOK
_u2017-07-27
_xFIA
_zINGENIERIA
_0COMPRA
_o.STAFF. Colección Ingenieria y Arquitectura
596 _a1
999 _a543.02 P46
_wDEWEY
_c24753
_i76610
_d24753
_e2018-9-7
_f2021-11-9
_g4
_lCCODEBUL1
_mBUL
_n5
_p41.91
_q2
_r0
_sY
_tBOOK
_u2017-7-27
_xINGENIERIA
_PP26
_0COMPRA
_o.STAFF. Colección Ingeniería y Arquitectura
980 _81
_gALBERTO SANCHEZ Responsable de Automatización